Les professionnels de la santé - Statistiques

Statistiques générales
  • Ce quiz a été pris 464 fois
    215 depuis la dernière actualisation
  • Le résultat moyen est 17 sur 56
Statistiques - réponses
Réponse % Correct
I infirmier
85%
M médecin généraliste
85%
C chirurgien
80%
M médecin spécialiste
77%
D dentiste
72%
M-K masseur kinésithérapeute
71%
C cardiologue
70%
G gynécologue
69%
P psychologue
65%
N neurologue (neurologiste)
64%
O ophtalmologiste (ophtalmologue)
64%
A anesthésiste
63%
P pédiatre
63%
P psychiatre
61%
S sage-femme
58%
D dermatologue
53%
R radiologiste (radiologue)
52%
E ergothérapeute
48%
P pharmacien
46%
P pneumologue
46%
O otorhinolaryngologiste (ORL)
42%
G gastro-entérologue
35%
R rhumatologue
31%
O orthophoniste
30%
O orthopédiste
28%
E endocrinologue
27%
A ambulancier
24%
C cancérologue
20%
O orthoptiste
19%
H hématologue
18%
O opticien
17%
A auxiliaire
14%
N nutritionniste
13%
I infectiologue
8%
N naturopathe
8%
S sexologue
8%
C chiropraticien
6%
P pédopsychiatre
5%
P physiothérapeute
5%
A acupuncteur
4%
A andrologue
4%
G généticien
2%
A anatomiste
1%
A anatomopathologiste
1%
A audiologiste
1%
I inhalothérapeute
1%
N nephologue
1%
O orthésiste
1%
P podiatre
1%
T travailleur social
1%
U urgentologue
1%
A aérologue
0%
A andioprothésiste
0%
D diététiste
0%
O optométriste
0%
P préposé aux bénificiares
0%
Aucun quiz correspondant
Distribution des résultats
% des personnes avec chaque résultat
Percentile par nombre de réponses
Votre historique - résultats
Vous n’avez pas pris ce quiz depuis la dernière actualisation